000 01277nam a22002537a 4500
005 20240305165429.0
007 cr|||| |||
008 150407s2014 es |||||s|||| 00||0 spa d
020 _a978-84-7351-433-0
035 _a12647
040 _avLex
090 _c5392
_d5392
100 1 _aRivero Ortega, Ricardo
245 1 0 _aInnovación y gobiernos locales
_h[Recurso electrónico] :
_bEstrategias innovadoras de ayuntamientos y diputaciones en un contexto de crisis /
_cRicardo Rivero Ortega, Valentín Merino Estrada
256 _aServicio en línea
260 _aMadrid:
_bInstituto Nacional de Administración Pública (INAP),
_c2014
300 _a1 recurso electrónico
506 1 _aDisponible solo en los productos indicados
_dvLex Global
_dvLex Global (Academic Edition, excluding Law Schools)
_dvLex Global (U.S. Academic Edition, Law Schools)
_dvLex Global (U.S. Academic Edition, excluding Law Schools)
_dvLex Global (Academic Edition, Law Schools)
650 0 4 _aDerecho Público y Administrativo
_zEspaña
700 1 _aMerino Estrada, Valentín
740 0 _avLex Libros (Servicio en línea)
856 4 0 _uhttps://app.vlex.com/#/sources/innovacion-gobiernos-locales-estrategias-innovadoras-ayuntamientos-diputaciones-contexto-crisis-12647
942 _cRAA
999 _c163734
_d163734